000 00583nam a2200193Ia 4500
003 GCL
008 140319s9999 xx 000 0 ara d
040 _aGCL /
_cGCL
082 0 4 _a341.75
_bل ص
100 1 _aحسين حيدر
245 1 0 _aالصراع الاقتصادى فى العلاقات الدولية /
_cحسين حيدر
700 1 _aلابيه، مارى هيلين
300 _a141 ص
490 _aزدنى علما
_v0
650 0 4 _aالاقتصاد
650 0 4 _aالاقتصاد الدولى
650 0 4 _aالاقتصاد السياسى
942 _2ddc
_cBK
999 _c48221
_d48221